|
|
|
|
| LEADER |
00000nam0a2200000 4500 |
| 001 |
369226 |
| 005 |
20231102012148.0 |
| 035 |
|
|
|a (RuTPU)RU\TPU\retro\26608
|
| 090 |
|
|
|a 369226
|
| 100 |
|
|
|a 20220513d1980 km y0rusy50 ca
|
| 101 |
0 |
|
|a rus
|
| 102 |
|
|
|a RU
|
| 105 |
|
|
|a a z 001zy
|
| 200 |
1 |
|
|a Акустические свойства неоднородных и комбинированных строительных материалов
|f Ю. П. Щевьев
|
| 210 |
|
|
|a Москва
|c Стройиздат
|d 1980
|
| 215 |
|
|
|a 140 с.
|c ил.
|
| 320 |
|
|
|a Библиогр.: с. 136-139
|
| 606 |
1 |
|
|a Строительные материалы
|x Акустические характеристики
|2 stltpush
|3 (RuTPU)RU\TPU\subj\57443
|9 75305
|
| 610 |
1 |
|
|a неоднородные материалы
|
| 610 |
1 |
|
|a упругие волны
|
| 610 |
1 |
|
|a акустические параметры
|
| 610 |
1 |
|
|a поглощающие свойства
|
| 610 |
1 |
|
|a вибропоглощающие свойства
|
| 610 |
1 |
|
|a строительные конструкции
|
| 610 |
1 |
|
|a электронное моделирование
|
| 675 |
|
|
|a 691:53
|v 4
|
| 700 |
|
1 |
|a Щевьев
|b Ю. П.
|g Юрий Павлович
|
| 801 |
|
1 |
|a RU
|b 63413507
|c 20220513
|
| 942 |
|
|
|c BK
|